000 nam a22 7a 4500
999 _c331367
_d331367
003 NUST
005 20170926112605.0
008 170926b xxu||||| |||| 00| 0 eng d
040 _cNUST
082 _a351
100 _aBangash,Adil Hussain, Agha,Aaleen, Hayat,Ayesha, Khan,Mohsin Ashfaque, Hanif,Muhammad Talha, Zaheer,Saman, & Ghazanfar,Urfa
_94989
245 _aImpact of autocratic and democratic regime on the economic growth of Pakistan (1980-2014)
260 _aIslamabad
_c2016
300 _a77p
942 _2ddc
_cTH